| 000 | 00693nam a22001817a 4500 | ||
|---|---|---|---|
| 005 | 20260430103051.0 | ||
| 008 | 260430b |||||||| |||| 00| 0 eng d | ||
| 020 | _a9780670091218 | ||
| 040 | _cVITAP | ||
| 082 |
_223rd Ed. _a635.9770954 NAG |
||
| 100 |
_aNagendra, Harini _917439 |
||
| 245 |
_aCities and Canopies _b: Trees in Indian Cities _c/ Harini Nagendra and Seema Mundoli |
||
| 260 |
_aGurugram _bPenguin Random House India Pvt. Ltd. _c2019 |
||
| 300 | _ax, 243p. : ill. ; 21cm | ||
| 650 | 0 |
_aTrees in cities; Natural history; Urban ecology (Sociology); Natural history; Trees in cities; Urban ecology (Sociology) _2 _917440 |
|
| 700 |
_aMundoli, Seema _917441 |
||
| 942 |
_2ddc _cBK |
||
| 999 |
_c47408 _d47408 |
||